Central Library OPAC University of Rajshahi

উষালগ্ন / (Record no. 48765)

MARC details
000 -LEADER
fixed length control field 00712nam a22002297a 4500
001 - CONTROL NUMBER
control field 48765
003 - CONTROL NUMBER IDENTIFIER
rucl marc code BD-RjUL
005 - DATE AND TIME OF LATEST TRANSACTION
control field 20211209054600.0
008 - FIXED-LENGTH DATA ELEMENTS--GENERAL INFORMATION
fixed length control field 160816s1969 bg ||||| |||| 00| 0 ben d
020 ## - INTERNATIONAL STANDARD BOOK NUMBER
Terms of availability : TK 3.50
035 ## - SYSTEM CONTROL NUMBER
System control number (BD-RjUL)48884
040 ## - CATALOGING SOURCE
Original cataloging agency BD-RjUL
Language of cataloging ben
Transcribing agency BD-RjUL
041 ## - LANGUAGE CODE
Language code of text/sound track or separate title ben
082 ## - DEWEY DECIMAL CLASSIFICATION NUMBER
Edition number 23
Classification number 891.4403
Author mark and year ROU 1969
100 1# - MAIN ENTRY--PERSONAL NAME
Personal name রায়, অজয়
9 (RLIN) 147096
245 10 - TITLE STATEMENT
Title উষালগ্ন /
Statement of responsibility, etc. অজয় রায়
260 ## - PUBLICATION, DISTRIBUTION, ETC. (IMPRINT)
Place of publication, distribution, etc. ঢাকা :
Name of publisher, distributor, etc. এম. এ. আলিম
Date of publication, distribution, etc. ১৯৬৯.
300 ## - PHYSICAL DESCRIPTION
Pagination [৩], ১১৮ পৃ. ;
Size ২২ সেমি.
650 ## - SUBJECT ADDED ENTRY--TOPICAL TERM
Topical term or geographic name as entry element বাংলা উপন্যাস
9 (RLIN) 147097
Topical term or geographic name as entry element Bengali Fiction
9 (RLIN) 147098
942 ## - ADDED ENTRY ELEMENTS (KOHA)
Source of classification or shelving scheme Dewey Decimal Classification
Koha item type Books
Holdings
Lost status Source of classification or shelving scheme Damaged status Not for loan Collection code Permanent Location Current Location Shelving location Date acquired Source of acquisition Cost, normal purchase price Total Checkouts Full call number Date last seen Copy number Koha item type
  Dewey Decimal Classification     Fiction Central Library, University of Rajshahi Central Library, University of Rajshahi   08/08/1984 নও: কিতা: ঢাকা 12.00   B 891.443 ROU 1969 16/08/2016 C-2 Books